<?xml version="1.0" encoding="UTF-8"?>
<collection xmlns="http://www.loc.gov/MARC21/slim">
  <record>
    <leader>00000nam  2200000   4500</leader>
    <controlfield tag="001">INLIS000000000004425</controlfield>
    <controlfield tag="005">20220713035229</controlfield>
    <datafield tag="035" ind1="#" ind2="#">
      <subfield code="a">0010-0222001036</subfield>
    </datafield>
    <datafield tag="245" ind1="1" ind2="#">
      <subfield code="a">Miskin &amp; Kaya Adalah Pilihan :</subfield>
      <subfield code="b">Hanya Pada Sesaat Minum Teh Pagi, Anda Paham Untuk Segera Kaya dan Bahagia /</subfield>
      <subfield code="c">Hugua</subfield>
    </datafield>
    <datafield tag="100" ind1=" " ind2="#">
      <subfield code="a">HUGUA</subfield>
    </datafield>
    <datafield tag="300" ind1="#" ind2="#">
      <subfield code="a">128 :</subfield>
      <subfield code="b">gambar ;</subfield>
      <subfield code="c">12x18 cm</subfield>
    </datafield>
    <datafield tag="856" ind1="#" ind2="#">
      <subfield code="a">OPAC (Rak 2.2)</subfield>
    </datafield>
    <datafield tag="260" ind1="#" ind2="#">
      <subfield code="b">La Tofi Enterprise Media</subfield>
    </datafield>
    <datafield tag="082" ind1="#" ind2="#">
      <subfield code="a">128</subfield>
    </datafield>
    <datafield tag="084" ind1="#" ind2="#">
      <subfield code="a">128 HUG m</subfield>
    </datafield>
    <datafield tag="650" ind1="#" ind2="4">
      <subfield code="a">Filsafat Kemanusiaan</subfield>
    </datafield>
    <datafield tag="650" ind1="#" ind2="4">
      <subfield code="a">Sumbangan Pegawai 2018</subfield>
    </datafield>
    <datafield tag="520" ind1="#" ind2="#">
      <subfield code="a">Kebahagiaan dan kesejahteraan adalah hasil dari pikiran dan perasaan positif yang bersumber dari rasa cnta kasih. Rasa cinta kasih abadi bersumber dari syujur pada kekuasaan Tuhan, terimah kasih pada kekuasaan Tuhan, terimahkasih pada sesama dan terma kasih kepada alam ciptaanNya.</subfield>
    </datafield>
    <controlfield tag="008">220713################g##########0#ind##</controlfield>
    <datafield tag="990" ind1="#" ind2="#">
      <subfield code="a">296/SP-18</subfield>
    </datafield>
  </record>
</collection>
